000 00668 a2200193 4500
999 _c7711
_d7711
020 _a0133081648
050 _aHF5548.2 PAN 1997
100 _aPanko, Raymond R.
_eauthor
245 _aBusiness data communications /
_cRaymond R. Panko
264 _aUpper Saddle River, NJ :
_b Prentice Hall,
_c1997.
300 _axx, 556p. :
_bill. ; 24 cm
500 _aIncludes index.
650 _aData transmission systems
650 _aLocal area networks (Computer networks)
650 _aBusiness - Communication systems - Data processing
650 _aBusiness - Data processing
650 _aBusiness enterprises - Computer networks
942 _2lcc
_cBK
_h5548.2
_iPAN
_kHF